Menjuarai transformasi = (Record no. 4233)

000 -LEADER
fixed length control field 02576nam a2200541 a 4500
003 - CONTROL NUMBER IDENTIFIER
control field AKMAL
005 - DATE AND TIME OF LATEST TRANSACTION
control field 20170525155054.0
008 - FIXED-LENGTH DATA ELEMENTS--GENERAL INFORMATION
fixed length control field 170525s2011 my | e | o000 0 may d
020 ## - INTERNATIONAL STANDARD BOOK NUMBER
International Standard Book Number 9789830688305 (kkt.) :
Terms of availability RM32.00
040 ## - CATALOGING SOURCE
Original cataloging agency AKMAL
082 04 - DEWEY DECIMAL CLASSIFICATION NUMBER
Classification number 959.5 NAJ
Edition number 22
090 00 - LOCALLY ASSIGNED LC-TYPE CALL NUMBER (OCLC); LOCAL CALL NUMBER (RLIN)
Classification number (OCLC) (R) ; Classification number, CALL (RLIN) (NR) 959.5
Local cutter number (OCLC) ; Book number/undivided call number, CALL (RLIN) NAJ
100 0# - MAIN ENTRY--PERSONAL NAME
Personal name Mohd. Najib Tun Haji Abdul Razak,
Titles and words associated with a name Dato' Sri,
Dates associated with a name 1953-
9 (RLIN) 528
245 10 - TITLE STATEMENT
Title Menjuarai transformasi =
Remainder of title Driving transformation /
Statement of responsibility, etc. Najib Tun Razak
246 31 - VARYING FORM OF TITLE
Title proper/short title Driving transformation
260 ## - PUBLICATION, DISTRIBUTION, ETC.
Place of publication, distribution, etc. Kuala Lumpur :
Name of publisher, distributor, etc. Institut Terjemahan Negara Malaysia,,
Date of publication, distribution, etc. 2011
300 ## - PHYSICAL DESCRIPTION
Extent xiii, 82ms. ;
Dimensions 23cm.
546 ## - LANGUAGE NOTE
Language note Teks sejajar Bahasa Melayu dan Bahasa Inggeris
651 10 - SUBJECT ADDED ENTRY--GEOGRAPHIC NAME
Geographic name Malaysia
General subdivision Politics and government
9 (RLIN) 44
651 20 - SUBJECT ADDED ENTRY--GEOGRAPHIC NAME
Geographic name Malaysia
General subdivision Social conditions
9 (RLIN) 45
651 20 - SUBJECT ADDED ENTRY--GEOGRAPHIC NAME
Geographic name Malaysia
General subdivision Economic conditions
9 (RLIN) 63
942 ## - ADDED ENTRY ELEMENTS (KOHA)
Source of classification or shelving scheme
Koha item type Book
Holdings
Withdrawn status Lost status Source of classification or shelving scheme Damaged status Not for loan Collection code Home library Current library Shelving location Date acquired Inventory number Total Checkouts Full call number Barcode Date last seen Price effective from Koha item type
          NON-FICTION AKMAL Melaka AKMAL Melaka PINJAMAN 25.05.2017 900561   959.5 NAJ 201705503 25.05.2017 25.05.2017 Book
          NON-FICTION AKMAL Melaka AKMAL Melaka PINJAMAN 25.05.2017 900560   959.5 NAJ 201705462 25.05.2017 25.05.2017 Book
Pusat Sumber Maklumat Dato' Haji Sarmin Md Hussin, Akademi Kastam Diraja Malaysia, Melaka
Tel: 06-2331106 | Faks: 06-2313787